[Event "Open"]
[Site "Geneve SUI"]
[Date "2007.01.23"]
[Round "4"]
[White "Domont,A"]
[Black "Palac,M"]
[Result "1/2-1/2"]
[WhiteElo "2350"]
[BlackElo "2571"]

1.e4 c5 2.Nf3 Nc6 3.Bb5 e6 4.Bxc6 bxc6 5.d3 Ne7 6.Qe2 Qc7 7.O-O Ng6 8.Ng5 e5
9.Qh5 d6 10.f4 h6 11.Nh3 exf4 12.Nxf4 Ne5 13.Qe2 g6 14.Bd2 Bg7 15.Bc3 O-O
16.Nd2 Kh7 17.Kh1 Qe7 18.Nc4 f6 19.Ne3 f5 20.Rae1 fxe4 21.dxe4 a5 22.Nd3 Ba6
23.Rxf8 Rxf8 24.Rf1 Rxf1+ 25.Qxf1 Qg5 26.Bxe5 Bxe5 27.Qf7+ Bg7 28.Nf4 Qf6
29.Qxf6 Bxf6 30.b3 Bd4 31.Nc4 a4 32.Ne6 Bxc4 33.bxc4 Bf6 34.Nf4 Kg7 35.Nd3 Bd4
36.g3 Kf6 37.Kg2 g5 38.Kf3 Ke6 39.h3 d5 40.exd5+ cxd5 41.c3 dxc4 42.cxd4 cxd3
43.dxc5 Kd5 44.Ke3 Kxc5 45.Kxd3 Kb4 46.Kc2 Ka3 47.Kb1 h5 48.Ka1 g4 49.hxg4 hxg4
50.Kb1 Kb4 51.Kc2 Ka3 52.Kb1  1/2-1/2

[Event "ch-Kyiv"]
[Site "Kyiv UKR"]
[Date "2007.01.24"]
[Round "5"]
[White "Balanovskij,V"]
[Black "Musienko,O"]
[Result "0-1"]
[WhiteElo "2111"]
[BlackElo "1945"]

1.e4 c5 2.Nf3 Nc6 3.Bb5 g6 4.c3 Bg7 5.O-O Qc7 6.d4 a6 7.Bxc6 Qxc6 8.Re1 d6
9.Nbd2 e5 10.dxc5 dxc5 11.Nc4 f6 12.Be3 Be6 13.Na5 Qc7 14.b4 c4 15.Nd2 Ne7
16.Bc5 b6 17.Bxe7 Kxe7 18.Naxc4 Bxc4 19.Nxc4 Qxc4 20.a4 Bh6 21.Qf3 Bg5 22.Rad1 Rhd8
23.h4 Bh6 24.h5 Bd2 25.Re2 Bxc3 26.Rc2 Rxd1+ 27.Qxd1 Qxb4 28.hxg6 hxg6 29.Qd5 Qb1+
30.Kh2 Rd8  0-1

[Event "Open"]
[Site "Geneve SUI"]
[Date "2007.01.25"]
[Round "6"]
[White "Cherniaev,A1"]
[Black "Zozulia,A"]
[Result "1-0"]
[WhiteElo "2473"]
[BlackElo "2350"]

1.e4 c5 2.Nf3 Nc6 3.Bb5 d6 4.O-O Bd7 5.c4 Nf6 6.Nc3 Nd4 7.Bxd7+ Qxd7 8.Nxd4 cxd4
9.Nb5 Nxe4 10.Qa4 Rc8 11.Qxa7 e5 12.Qa4 Be7 13.d3 Nc5 14.Qc2 O-O 15.b4 Na6
16.Qb3 d5 17.Bd2 dxc4 18.dxc4 Rfe8 19.Rfe1 Bf8 20.a4 e4 21.c5 Nc7 22.Na3 Nd5
23.Qc4 e3 24.fxe3 dxe3 25.Bc3 Qf5 26.Rf1 Qe4 27.Be1 Qxc4 28.Nxc4 Re4 29.Rc1 Nf4
30.Rxf4 Rxf4 31.Nxe3 Re4 32.Nd5 Rd8 33.Nb6 Be7 34.Rb1 Bf6 35.g3 Re2 36.Nc4 Rd4
37.Nd6 Rd5 38.Nxb7 Bd4+ 39.Kf1 Rde5 40.Rd1 Rxh2 41.Rxd4 Rh1+ 42.Kf2 Rhxe1
43.Rd8+ Re8 44.Rxe8+ Rxe8 45.c6 Rc8 46.b5 Kf8 47.Nd6 Rc7 48.Nc4  1-0

[Event "ch-Kyiv"]
[Site "Kyiv UKR"]
[Date "2007.01.26"]
[Round "7"]
[White "Marusenko,P"]
[Black "Kovalenko,VN"]
[Result "1-0"]
[WhiteElo "2330"]
[BlackElo "2180"]

1.e4 c5 2.Nf3 Nc6 3.Bb5 g6 4.Bxc6 dxc6 5.d3 Bg7 6.h3 Nf6 7.Nc3 O-O 8.Be3 b6
9.Qd2 a5 10.Bh6 Re8 11.Bxg7 Kxg7 12.O-O e5 13.Nh2 Nh5 14.Ne2 c4 15.f4 cxd3
16.cxd3 exf4 17.Nxf4 Qd4+ 18.Rf2 Nxf4 19.Qxf4 Ra7 20.Rd1 Qe5 21.Qe3 c5 22.Nf3 Qe6
23.a3 h6 24.Nd2 Rd7 25.Rdf1 Qc6 26.Nc4 Re6 27.Qc1 Rde7 28.Qc3+ Kg8 29.Ne3 Qd6
30.Nd5 Rb7 31.Nf6+ Kf8 32.Ng4 Qd4 33.Qxd4 cxd4 34.Rc1 Re8 35.Nxh6 Kg7 36.Ng4 f5
37.Rfc2 Be6 38.Rc7+ Re7 39.Rxb7 Rxb7 40.Nf2 Kf6 41.exf5 gxf5 42.h4 Ke5 43.Nh3 Bd5
44.Re1+ Kd6 45.Nf4 Bb3 46.h5 Rg7 47.Kf2 Bf7 48.Rh1 Kc5 49.h6 Rh7 50.Rh4 Kb5
51.Ne2 Ka4 52.Nxd4 b5 53.Nf3+ Kb3 54.Ng5  1-0

[Event "12th HIT Open A"]
[Site "Nova Gorica SLO"]
[Date "2007.01.26"]
[Round "1"]
[White "Varini,M"]
[Black "Popchev,M"]
[Result "0-1"]
[WhiteElo "2027"]
[BlackElo "2445"]

1.e4 c5 2.Nf3 Nc6 3.Bb5 Qc7 4.O-O e6 5.Re1 Nge7 6.c3 a6 7.Bf1 Ng6 8.d4 d6
9.a4 Be7 10.Na3 O-O 11.Nc4 Na5 12.Nxa5 Qxa5 13.Bd2 Qc7 14.a5 Bd7 15.Bd3 Rfc8
16.e5 Bc6 17.dxc5 Bxf3 18.Qxf3 Nxe5 19.Rxe5 dxe5 20.b4 Rd8 21.Qe4 f5 22.Qc4 e4
23.Qxe6+ Kh8 24.Qxf5 Rxd3 25.Bf4 Qd7 26.Qxd7 Rxd7 27.g3 Bf6 28.Re1 Re8 29.c4 Rd4
30.Rc1 Be5 31.Be3 Rd3 32.b5 Bd4 33.Bxd4 Rxd4 34.c6 bxc6 35.bxa6 Ra8 36.Rb1 h6  0-1

[Event "ch-Kyiv"]
[Site "Kyiv UKR"]
[Date "2007.01.28"]
[Round "9"]
[White "Manilyk,A"]
[Black "Kovalenko,VN"]
[Result "1/2-1/2"]
[WhiteElo "2105"]
[BlackElo "2180"]

1.e4 c5 2.Nf3 Nc6 3.Bb5 g6 4.Bxc6 dxc6 5.d3 Bg7 6.h3 Nf6 7.Nc3 O-O 8.Be3 b6
9.Qd2 Re8 10.O-O-O a5 11.g4 a4 12.Kb1 e5 13.Nh4 Be6 14.Rdg1 Qd6 15.Nf5 Bxf5
16.gxf5 Nh5 17.Rg4 b5 18.Rhg1 Red8 19.Rh4 b4 20.Ne2 Nf6 21.Rd1 Qe7 22.Qc1 Rd7
23.Bg5 Rad8 24.Rg4 c4 25.Rg3 Qc5 26.Qe3 Qb5 27.Bxf6 Bxf6 28.Nc1 b3 29.cxb3 axb3
30.axb3 cxb3 31.Qd2 Ra8 32.Qc3 Rb7 33.Qc4 Qa5 34.Nxb3 Qa2+ 35.Kc2 Ra4 36.Ra1 Rxc4+
37.dxc4 Qxa1 38.Nxa1 Be7 39.fxg6 hxg6 40.Nb3 Kg7 41.Nc1 Bc5 42.Rf3 Rd7 43.Nd3 Bd4
44.Rg3 Ra7 45.Rg1 Kf6 46.Rf1 Ke6 47.f4 exf4 48.Rxf4 Ra5 49.Rf3 Ra1 50.b4 g5
51.b5 cxb5 52.cxb5 Ra2+ 53.Kb3 Re2 54.h4 Rxe4 55.hxg5 Rg4 56.Rf4 Rxf4 57.Nxf4+ Kf5
58.Kc4 Ba7 59.g6  1/2-1/2

[Event "ch-UKR U20"]
[Site "Lviv UKR"]
[Date "2007.01.31"]
[Round "1"]
[White "Tukhaev,A"]
[Black "Lots,S"]
[Result "1/2-1/2"]
[WhiteElo "2478"]
[BlackElo "2346"]

1.e4 c5 2.Nf3 Nc6 3.Bb5 g6 4.O-O Bg7 5.c3 Nf6 6.Re1 O-O 7.h3 d5 8.e5 Ne8
9.d4 cxd4 10.cxd4 Nc7 11.Bxc6 bxc6 12.Be3 f6 13.exf6 exf6 14.Qc1 Bd7 15.Nbd2 Re8
16.Nb3 Nb5 17.Bf4 Bf8 18.a4 Nd6 19.Nc5 Ne4 20.a5 Nxc5 21.dxc5 Rxe1+ 22.Nxe1 Qe7
23.Be3 Qe4 24.Qc3 Bg7 25.Bd4 Re8 26.Nf3 Qf4 27.Re1 Rxe1+ 28.Qxe1 Kf7 29.Qc3 a6
30.Qd3 Qc1+ 31.Kh2 Qf4+ 32.Kg1 Qc1+ 33.Qf1 Bh6 34.Qxc1 Bxc1 35.Bc3 Bf4 36.Nd4 Be5
37.Ne2 Bc7 38.f3 Ke7 39.Kf2 Bf5 40.Nd4 Bd7 41.Ke3 Be5 42.Nc2 Bh2 43.Kf2 Bc7
44.Nb4 Bxa5 45.Nxd5+ cxd5 46.Bxa5  1/2-1/2

[Event "TCh-NED 2006-7"]
[Site "Netherlands NED"]
[Date "2007.02.03"]
[Round "5"]
[White "Martens,M"]
[Black "Middelburg,T"]
[Result "1-0"]
[WhiteElo "2404"]
[BlackElo "2419"]

1.e4 c5 2.Nf3 Nc6 3.Bb5 e6 4.Nc3 Nge7 5.d4 Nxd4 6.Nxd4 cxd4 7.Qxd4 a6 8.Bd3 Nc6
9.Qe3 d6 10.O-O b5 11.f4 Be7 12.a4 b4 13.Ne2 O-O 14.b3 Bf6 15.e5 dxe5 16.Qe4 g6
17.Qxc6 Bd7 18.Qe4 exf4 19.Bxf4 Bxa1 20.Rxa1 Re8 21.Qxb4 e5 22.Be3 Be6 23.Bb6 Qg5
24.Nc3 f5 25.Bc4 Kg7 26.Rd1 Bxc4 27.Qxc4 Re7 28.Nd5 Rf7 29.Nc7 Qh5 30.Re1 Rb8
31.Ne6+ Kh6 32.Be3+ f4 33.Nxf4 Qf5 34.Ne6+ Kh5 35.h3  1-0

[Event "ch-UKR U20"]
[Site "Lviv UKR"]
[Date "2007.02.05"]
[Round "6"]
[White "Zhornik,N"]
[Black "Grekh,A"]
[Result "0-1"]
[WhiteElo "2365"]
[BlackElo "2351"]

1.e4 c5 2.Nf3 Nc6 3.Bb5 g6 4.Bxc6 dxc6 5.d3 Bg7 6.h3 e5 7.Be3 Qd6 8.Nbd2 b6
9.O-O Be6 10.b3 Nf6 11.Nc4 Bxc4 12.bxc4 Nd7 13.a4 a5 14.Rb1 O-O-O 15.Bd2 Kc7
16.Bc3 Bf6 17.Qd2 Ra8 18.Nh2 h5 19.Rb3 g5 20.g3 Qe7 21.Kg2 g4 22.h4 Bg7 23.Qg5 Bf6
24.Qf5 Rh6 25.Bd2 Rg6 26.Rfb1 Kd6 27.Nf1 Bxh4 28.gxh4 Qxh4 29.d4 cxd4 30.Ng3 Qe7
31.c5+ Nxc5 32.Qxh5 Qf6 33.Rxb6 Qf3+ 34.Kg1 Nxe4 35.Nf5+ Kc5 36.Be1 Nf6 37.Qh1 Nd5
38.Qh5 Nf4 39.R1b5+ cxb5 40.Rxb5+ Kc6 41.Nxd4+ exd4 42.Rc5+ Kd7 43.Qf5+ Ne6
44.Rd5+ Ke8 45.Qh5 Qh3 46.Qe5 Rh6 47.Qe4 Qh2+ 48.Kf1 Qh1+  0-1

[Event "ch-UKR gU20"]
[Site "Lviv UKR"]
[Date "2007.02.07"]
[Round "6"]
[White "Dolzhikova,K"]
[Black "Choba,Y"]
[Result "0-1"]
[WhiteElo "2311"]
[BlackElo "1815"]

1.e4 c5 2.Nf3 Nc6 3.Bb5 d6 4.O-O Bd7 5.c3 Nf6 6.Re1 a6 7.Ba4 b5 8.Bc2 e6
9.d4 cxd4 10.cxd4 Be7 11.a3 a5 12.h3 Rb8 13.Be3 Qc7 14.Qd3 Qb7 15.Nbd2 a4
16.d5 Na5 17.dxe6 Bxe6 18.Nd4 O-O 19.Bg5 g6 20.Bxf6 Bxf6 21.Nxe6 fxe6 22.Qxd6 Qf7
23.Re2 Bxb2 24.Rb1 Bc3 25.Qd3 Qc7 26.Nf3 Rfd8 27.Qe3 Bg7 28.Bd3 Nb3 29.Rc2 Qd6
30.Be2 Qxa3 31.Qa7 Qf8 32.Qa6 Rd6 33.Qa7 Nd4 34.Ra2 Nxe2+ 35.Rxe2 Qc8 36.e5 Ra6
37.Qe7 Qf8 38.Qd7 b4 39.Rc2 b3 40.Rc6 Rxc6 41.Qxc6 a3 42.Qxe6+ Qf7 43.Qd6 Qa7
44.Qd5+ Qf7 45.Qd6 Ra8 46.e6 Qe8 47.Ng5 a2 48.Rd1 a1=Q  0-1

[Event "Magistral I"]
[Site "Necochea ARG"]
[Date "2007.02.17"]
[Round "6"]
[White "Airando,M"]
[Black "Real de Azua,E"]
[Result "1/2-1/2"]
[WhiteElo "2229"]
[BlackElo "2437"]

1.e4 c5 2.Nf3 Nc6 3.Bb5 g6 4.O-O Bg7 5.Re1 e5 6.Bxc6 dxc6 7.b4 cxb4 8.a3 Ne7
9.axb4 O-O 10.Bb2 Qc7 11.Na3 Be6 12.Ng5 Bd7 13.Nc4 f6 14.Nf3 Rfd8 15.Qe2 Bg4
16.Red1 Qc8 17.h3 Bxf3 18.Qxf3 Qe6 19.d3 Nc8 20.Qe3 a6 21.Na5 Nd6 22.Qb6 Rd7
23.Nb3 Qf7 24.Rf1 f5 25.exf5 gxf5 26.Rfe1 Re8 27.Qc5 e4 28.Bxg7 Qxg7 29.dxe4 Re5
30.Qc3 Nxe4 31.Qc4+ Kf8 32.Rad1 Red5 33.Rxd5 Rxd5 34.Qe2 Kg8 35.c4  1/2-1/2

[Event "Aeroflot Open"]
[Site "Moscow RUS"]
[Date "2007.02.18"]
[Round "5"]
[White "Kosintseva,T"]
[Black "Kotronias,V"]
[Result "0-1"]
[WhiteElo "2474"]
[BlackElo "2572"]

1.e4 c5 2.Nf3 Nc6 3.Bb5 g6 4.Bxc6 dxc6 5.d3 Bg7 6.h3 b6 7.O-O e5 8.a3 f6
9.b4 cxb4 10.axb4 Nh6 11.Ba3 Nf7 12.c4 O-O 13.b5 c5 14.Nc3 Rb8 15.Nd5 Rb7
16.Bb2 Nd6 17.Nd2 f5 18.f4 exf4 19.Bxg7 Rxg7 20.Rxf4 Be6 21.e5 Ne8 22.Qb3 Rd7
23.d4 g5 24.Rf2 Kh8 25.dxc5 bxc5 26.Ne4 Bxd5 27.cxd5 Rxd5 28.Nxg5 Nc7 29.Rxa7 Qxg5
30.Rxc7 Rfd8 31.e6 Rd1+ 32.Kh2 R1d3 33.Qb2+ R8d4 34.Rc8+ Kg7 35.Rc7+ Kh6  0-1

[Event "ch-St Petersburg sf"]
[Site "St Petersburg RUS"]
[Date "2007.02.18"]
[Round "9"]
[White "Solovjov,S"]
[Black "Biriukov,O"]
[Result "1/2-1/2"]
[WhiteElo "2412"]
[BlackElo "2374"]

1.e4 c5 2.Nf3 Nc6 3.Bb5 d6 4.O-O Bd7 5.Re1 Nf6 6.c3 a6 7.Bf1 Bg4 8.h3 Bh5
9.d3 e6 10.Nbd2 d5 11.g4 Bg6 12.Nh4 dxe4 13.Nxg6 hxg6 14.dxe4 Qc7 15.Qe2 Nd7
16.Bg2 Be7 17.Nf3 Bd6 18.Be3 Rd8 19.Rad1 O-O 20.Rd2 Nf6 21.Ng5 Bh2+ 22.Kh1 Bf4
23.Red1 Rxd2 24.Rxd2 Rd8 25.Rxd8+ Nxd8 26.Qd2 Bxe3 27.Qxe3 e5 28.Bf1 b5 29.Be2 Nh7  1/2-1/2

[Event "Meurthe et Moselle IM"]
[Site "Nancy FRA"]
[Date "2007.02.19"]
[Round "1"]
[White "Bouhallel,R"]
[Black "Delorme,Al"]
[Result "1-0"]
[WhiteElo "2329"]
[BlackElo "2236"]

1.e4 c5 2.Nf3 Nc6 3.Bb5 Qb6 4.Ba4 e6 5.O-O Nge7 6.c3 g6 7.Na3 Bg7 8.Rb1 O-O
9.b4 cxb4 10.cxb4 d5 11.d3 e5 12.Be3 Nd4 13.Nxd4 exd4 14.Bg5 f6 15.Bh4 dxe4
16.dxe4 Be6 17.Bb3 Rfd8 18.e5 g5 19.exf6 Bxf6 20.Bxg5 Bxg5 21.Qg4 Bxb3 22.Qxg5+ Qg6
23.Qxg6+ Nxg6 24.Rxb3 Rac8 25.Rd1 d3 26.Kf1 d2 27.g3 Rd5 28.Ke2 Re8+ 29.Re3 Red8
30.Nb1 a5 31.bxa5 Rxa5 32.a3 Ne5 33.Rxd2 Rxd2+ 34.Nxd2 Ng4 35.Rb3 Re5+ 36.Kf3 Nxh2+
37.Kf4 Re2 38.Ne4 Ra2 39.Rxb7 Rxa3 40.Nf6+  1-0

[Event "4th ch-Mediterranean"]
[Site "Cannes FRA"]
[Date "2007.02.21"]
[Round "5"]
[White "Gutierrez Castillo,P"]
[Black "Borg,A"]
[Result "1-0"]
[WhiteElo "2192"]
[BlackElo "2105"]

1.e4 c5 2.Nf3 Nc6 3.Bb5 e6 4.O-O Nge7 5.Re1 a6 6.Bf1 d6 7.d3 g6 8.Nc3 Bg7
9.Bg5 O-O 10.Qd2 Re8 11.e5 d5 12.Bf6 Nd4 13.Nxd4 cxd4 14.Ne2 Bxf6 15.exf6 Nc6
16.Qg5 e5 17.Nf4 h6 18.Qxh6 Qxf6 19.Nxd5 Qg7 20.Qxg7+ Kxg7 21.Nc7 Be6 22.a3 Rac8
23.Nxe8+ Rxe8 24.g3 Bd5 25.Bg2 Bxg2 26.Kxg2 Rc8 27.Re2 f6 28.c4 a5 29.Rb1 a4
30.b4 axb3 31.Rxb3 Rc7 32.Reb2 Nd8 33.Rb5 Kf7 34.Kf3 Ke7 35.Ke4 Nf7 36.c5 Rd7
37.f4 exf4 38.gxf4 Nd8 39.Kf3 Rd5 40.a4 Rd7 41.a5 Rc7 42.Ke4 Rd7 43.f5 gxf5+
44.Kxf5 Rd5+ 45.Ke4 Ke6 46.Rb6+ Nc6 47.a6 Re5+ 48.Kf4 Rf5+ 49.Kg4 Rg5+ 50.Kh4 Kd5
51.Rxc6  1-0

[Event "14th Belisce Metalis Open"]
[Site "Bizovac CRO"]
[Date "2007.02.23"]
[Round "4"]
[White "Kristovic,M"]
[Black "Prlac,V"]
[Result "1/2-1/2"]
[WhiteElo "2296"]
[BlackElo "2105"]

1.e4 c5 2.Nf3 Nc6 3.Bb5 g6 4.c3 a6 5.Ba4 Bg7 6.O-O Nf6 7.Re1 O-O 8.d4 cxd4
9.cxd4 b5 10.Bb3 d5 11.e5 Ne8 12.h3 Nc7 13.Nc3 Na5 14.Bc2 Ne6 15.Ng5 Nc4
16.b3 Nb6 17.a4 bxa4 18.Nxa4 Nxa4 19.Nxe6 Bxe6 20.Rxa4 Bd7 21.Ra2 Bb5 22.Bd2 e6
23.Bb4 Re8 24.Bd3 Bf8 25.Bxf8 Rxf8 26.Qe2 Qb6 27.Rea1 Bxd3 28.Qxd3 Rfb8 29.Ra3 a5
30.h4 h5 31.Qe3 Qb4 32.g3 Kg7 33.Kg2 Kg8 34.Qf4 Kg7 35.g4 Qe7 36.gxh5 Rh8
37.hxg6 Rxh4 38.Qg3 Rh6 39.Kf1 Rxg6 40.Qf3 Qb4 41.Ra4 Qb5+ 42.Ke1 Rb8 43.Kd2 Qxb3
44.Qxb3 Rxb3 45.R1a2 Rg2 46.Ke2 Rg4 47.Rd2 Re4+ 48.Kd1 Rb4 49.Rxb4 axb4 50.Kc2 f6
51.exf6+ Kxf6 52.Kb3 Kf5 53.Kxb4 e5  1/2-1/2

[Event "Masters"]
[Site "Bunratty IRL"]
[Date "2007.02.23"]
[Round "1"]
[White "Quinn,R"]
[Black "Orr,M"]
[Result "0-1"]
[WhiteElo "2044"]
[BlackElo "2293"]

1.e4 c5 2.Nf3 Nc6 3.Bb5 g6 4.Bxc6 dxc6 5.O-O Bg7 6.h3 Nf6 7.Qe2 O-O 8.a3 Ne8
9.Nc3 Nc7 10.b4 cxb4 11.axb4 e5 12.Qe3 b6 13.Bb2 Ne6 14.Ne2 Qc7 15.Ra4 Bb7
16.c3 c5 17.b5 a6 18.bxa6 Rxa6 19.Rxa6 Bxa6 20.Ra1 Bxe2 21.Qxe2 c4 22.Qd1 Qc6
23.Qc2 Nc5 24.Ra7 Ra8 25.Re7 Qd6  0-1

[Event "4th ch-Mediterranean"]
[Site "Cannes FRA"]
[Date "2007.02.23"]
[Round "7"]
[White "Belkhodja,S"]
[Black "Bogut,Z"]
[Result "0-1"]
[WhiteElo "2487"]
[BlackElo "2437"]

1.e4 c5 2.Nf3 Nc6 3.Bb5 d6 4.d4 cxd4 5.Qxd4 Bd7 6.Bxc6 Bxc6 7.Nc3 Nf6 8.Bg5 e6
9.O-O-O Be7 10.Qd3 O-O 11.Nd4 Qa5 12.f4 Rfd8 13.Kb1 Rac8 14.f5 Bd7 15.h4 a6
16.g4 b5 17.Nb3 Qc7 18.Bxf6 Bxf6 19.Qxd6 Qxd6 20.Rxd6 Bc6 21.Rhd1 Rxd6 22.Rxd6 b4
23.Nd1 Bxe4 24.Ne3 exf5 25.gxf5 h5 26.Nd2 Bc6 27.Ndc4 Bb5 28.b3 Re8 29.Rd1 Bxh4
30.Rh1 Bg5 31.Ng2 Re2 32.Ne1 Bc6 33.Rg1 Bf6 34.Nd3 Be4  0-1

[Event "Meurthe et Moselle GM"]
[Site "Nancy FRA"]
[Date "2007.02.23"]
[Round "7"]
[White "Abergel,T"]
[Black "Okhotnik,V"]
[Result "1/2-1/2"]
[WhiteElo "2475"]
[BlackElo "2486"]

1.e4 c5 2.Nf3 Nc6 3.Bb5 Nf6 4.Nc3 Qc7 5.Nd5 Nxd5 6.exd5 a6 7.Be2 Nd4 8.Nxd4 cxd4
9.O-O g6 10.c4 Bg7 11.d3 O-O 12.Bf3 d6 13.Bf4 b5 14.b3 Ra7 15.Re1 e5 16.dxe6 fxe6
17.Bg3 e5 18.Bd5+ Kh8 19.Qd2 bxc4 20.bxc4 Bb7 21.Bxb7 Rxb7 22.Rab1 Rfb8 23.Rxb7 Qxb7
24.f4 Bh6 25.Qe2 exf4 26.Bf2 Bg7 27.Qe6 Qc6 28.Qe4 Qxe4 29.Rxe4 Rb1+ 30.Re1 Rxe1+
31.Bxe1 g5 32.g4 Kg8 33.Kg2 Kf7 34.Kf3 Ke6 35.Ke4 Be5 36.h3 Bf6 37.Bb4 Bg7
38.Be1 Be5 39.Bb4 Bg7 40.Be1 h6 41.h4 Bf6  1/2-1/2

[Event "14th Belisce Metalis Open"]
[Site "Bizovac CRO"]
[Date "2007.02.24"]
[Round "6"]
[White "Arbanas,J"]
[Black "Aleksic,R"]
[Result "1/2-1/2"]
[WhiteElo "2318"]
[BlackElo "2169"]

1.e4 c5 2.Nf3 Nc6 3.Bb5 Qb6 4.a4 a6 5.Bc4 e6 6.O-O Nf6 7.Re1 d6 8.d3 Be7
9.Nc3 O-O 10.Rb1 Bd7 11.h3 Rad8 12.Bb3  1/2-1/2

[Event "Interclubes Paulista"]
[Site "Sao Paulo BRA"]
[Date "2007.02.25"]
[Round "2"]
[White "Limberg,E"]
[Black "Tsuboi,E"]
[Result "0-1"]
[WhiteElo "2255"]
[BlackElo "2356"]

1.e4 c5 2.Nf3 Nc6 3.Bb5 g6 4.O-O Bg7 5.Re1 Nf6 6.c3 O-O 7.d3 d6 8.Nbd2 Qc7
9.Nf1 a6 10.Ba4 b5 11.Bb3 h6 12.h3 e5 13.d4 exd4 14.cxd4 cxd4 15.Nxd4 Bb7
16.Nxc6 Qxc6 17.Ng3 Rfe8 18.Qf3 d5 19.e5 Nd7 20.Rd1 Nxe5 21.Qxd5 Qxd5 22.Bxd5 Rad8
23.Bb3 Rxd1+ 24.Bxd1 Nd3 25.Be2 Nxb2 26.Rb1 Na4 27.Bd2 h5 28.Bd1 Nc3 29.Bxc3 Bxc3
30.Bb3 h4 31.Nf1 a5 32.Rc1 b4 33.Ne3 Kg7 34.Nc4 Ba6 35.Nxa5 Re2 36.Rf1 Bd4
37.Nc4 f5 38.Rd1 Bxf2+ 39.Kf1 Re4 40.Rd7+ Kh6 41.Kxf2 Bxc4 42.Rb7 Bxb3 43.axb3 Kg5
44.Rb6 Kh6 45.Kf3 Kh5 46.Rb8 Kg5 47.Rb6 Kh6 48.Rb5 Kh5 49.Kf2 Rf4+ 50.Ke3 g5
51.Rb8 Re4+ 52.Kf3 Kg6 53.Rb6+ Kf7 54.Rb7+ Kf6 55.Rb6+ Ke5 56.Rb5+ Kd4 57.Rxb4+ Kd3
58.Rc4 Rxc4 59.bxc4 Kxc4 60.Ke3 Kc3 61.Kf3 Kd3 62.Kf2 Kd2 63.Kf1 Ke3 64.Ke1  0-1

[Event "Interclubes Paulista"]
[Site "Sao Paulo BRA"]
[Date "2007.02.25"]
[Round "3"]
[White "Diamant,A"]
[Black "Fier,A"]
[Result "1/2-1/2"]
[WhiteElo "2426"]
[BlackElo "2522"]

1.e4 c5 2.Nf3 Nc6 3.Bb5 d6 4.Bxc6+ bxc6 5.O-O Bg4 6.h3 Bh5 7.d3 e5 8.Nbd2 Nf6
9.Re1 Be7 10.Nf1 O-O 11.Ng3 Bg6 12.b3 Qd7 13.Nh4 Rfe8 14.Nhf5 Bxf5 15.Nxf5 g6
16.Nxe7+ Qxe7 17.f4 exf4 18.Bxf4 Nd7 19.Qf3 Ne5 20.Qg3 f6 21.Rf1 Kh8 22.Rf2 Rf8
23.Raf1 Rf7 24.Bc1 Raf8 25.Qh4 Qe6 26.Bb2 Kg8 27.Qg3 Kg7 28.Bxe5 fxe5 29.Rxf7+ Rxf7
30.Rxf7+ Qxf7 31.Qh4 Qe8 32.Kf2  1/2-1/2

[Event "Millennium Festival"]
[Site "Virginia Beach USA"]
[Date "2007.03.02"]
[Round "1"]
[White "Smith,Bry"]
[Black "Trower,T"]
[Result "1-0"]
[WhiteElo "2402"]
[BlackElo "2027"]

1.e4 c5 2.Nf3 Nc6 3.Bb5 g6 4.O-O Bg7 5.c3 Nf6 6.e5 Nd5 7.d4 cxd4 8.cxd4 Qb6
9.Bc4 e6 10.Bxd5 exd5 11.Nc3  1-0

[Event "23rd Open"]
[Site "Cappelle la Grande FRA"]
[Date "2007.03.03"]
[Round "1"]
[White "Laurent,B"]
[Black "Gajewski,G"]
[Result "1/2-1/2"]
[WhiteElo "2397"]
[BlackElo "2540"]

1.e4 c5 2.Nf3 Nc6 3.Bb5 d6 4.O-O Bd7 5.Re1 a6 6.Bf1 Bg4 7.h3 Bxf3 8.Qxf3 Nf6
9.Qd1 e6 10.d3 Be7 11.Nd2 O-O 12.Nf3 d5 13.Bf4 d4 14.g3 b5 15.Bg2 Nd7 16.e5 Nb6
17.h4 Nd5 18.Ng5 h6 19.Nh3 Nxf4 20.Nxf4 Qc7 21.Qg4 Rac8 22.Nxe6 fxe6 23.Qxe6+ Kh8
24.f4 Bd8 25.Be4 Ne7 26.Qxa6 Qb6 27.Qxb6 Bxb6 28.a4 bxa4 29.Rxa4 g5 30.Ra6 Rb8
31.hxg5 hxg5 32.f5 Nxf5 33.Rf1 Nxg3 34.Rxf8+ Rxf8 35.Rxb6 Nxe4 36.dxe4 Re8
37.e6 Kg7  1/2-1/2

[Event "2nd Trophee Universitaire"]
[Site "La Roche sur Yon FRA"]
[Date "2007.03.03"]
[Round "6"]
[White "Hamdouchi,H"]
[Black "Edouard,R"]
[Result "0-1"]
[WhiteElo "2602"]
[BlackElo "2446"]

1.e4 c5 2.Nf3 Nc6 3.Bb5 d6 4.O-O Bd7 5.Re1 Nf6 6.h3 a6 7.Bf1 e6 8.c3 Be7
9.d4 cxd4 10.cxd4 d5 11.e5 Ne4 12.Bd3 Nb4 13.Bxe4 dxe4 14.Rxe4 Bc6 15.Rg4 Bxf3
16.gxf3 h5 17.Re4 Bg5 18.f4 Bh4 19.Nc3 g5 20.fxg5 Bxg5 21.Kh2 Bxc1 22.Rxc1 Qg5
23.f4 Qh4 24.Qf3 Rg8 25.a3 Nc6 26.d5 exd5 27.Nxd5 O-O-O 28.Rb4 Rxd5 29.Rb6 Qg3+
30.Qxg3 Rdd8 31.Qf3  0-1

[Event "TCh-NED 2006-7"]
[Site "Netherlands NED"]
[Date "2007.03.03"]
[Round "6"]
[White "Wustefeld,C"]
[Black "Blokhuis,J"]
[Result "1/2-1/2"]
[WhiteElo "2243"]
[BlackElo "2375"]

1.e4 c5 2.Nf3 Nc6 3.Bb5 g6 4.O-O Bg7 5.Re1 e5 6.a4 Nge7 7.Nc3 O-O 8.h3 d6
9.Bc4 h6 10.Nd5 g5 11.c3 Ng6 12.d3 Be6 13.Nh2 Kh7 14.Qh5 Nf4 15.Qf3 Ng6 16.Ng4 f5
17.exf5 Bxf5 18.Qe2 Nf4 19.Bxf4 exf4 20.d4 cxd4 21.Bd3 Qd7 22.Rad1 dxc3 23.bxc3 Ne5
24.Nxe5 Bxe5 25.Qg4 Kg7 26.Bxf5 Qxf5 27.Nc7 Qxg4 28.hxg4 Rac8 29.Ne6+ Kf7
30.Nxf8 Kxf8 31.Rb1 b6 32.Rb3 Kf7 33.Kf1 Kg6 34.Ke2 Bxc3 35.Rc1 Re8+ 36.Kf3 Bd4
37.Rc7 a5 38.Rd3 Bc5 39.Rd2 h5 40.Rd5 Rh8 41.Rd7 hxg4+ 42.Kxg4 Rh4+ 43.Kf3 Rh2
44.R7xd6+ Bxd6 45.Rxd6+ Kf5 46.Rd5+ Kf6 47.Rb5 g4+ 48.Kxf4 Rxg2 49.Rxb6+ Ke7  1/2-1/2

[Event "TCh-NED 2006-7"]
[Site "Netherlands NED"]
[Date "2007.03.03"]
[Round "6"]
[White "Klip,H"]
[Black "Wiersma,E"]
[Result "1-0"]
[WhiteElo "2373"]
[BlackElo "2406"]

1.e4 c5 2.Nf3 Nc6 3.Bb5 g6 4.O-O Bg7 5.c3 Nf6 6.Re1 O-O 7.h3 e5 8.d4 cxd4
9.cxd4 exd4 10.e5 Ne8 11.Bg5 f6 12.exf6 Bxf6 13.Bxf6 Qxf6 14.Qb3+ Kh8 15.Nbd2 Nd6
16.Rac1 a6 17.Bd3 b5 18.Ne4 Nxe4 19.Bxe4 Bb7 20.a3 Rae8 21.Qd3 Rd8 22.Qd2 d5
23.Bb1 Bc8 24.Qh6 Rg8 25.Rxc6  1-0

[Event "Interclubes Paulista"]
[Site "Sao Paulo BRA"]
[Date "2007.03.03"]
[Round "5"]
[White "Batista,Re2"]
[Black "Milos,G"]
[Result "0-1"]
[WhiteElo "2261"]
[BlackElo "2580"]

1.e4 c5 2.Nf3 Nc6 3.Bb5 e6 4.O-O Nge7 5.Re1 Nd4 6.Bf1 Nec6 7.c3 Nxf3+ 8.Qxf3 Be7
9.d3 O-O 10.Na3 d5 11.exd5 exd5 12.Bf4 Be6 13.Nc2 Bf6 14.g3 Rc8 15.Bg2 b5
16.Rad1 Qd7 17.Qe2 d4 18.cxd4 cxd4 19.b3 Ne7 20.Rc1 Nd5 21.Bd2 Rfd8 22.Ba5 Nc3
23.Bxc3 Rxc3 24.Nb4 Rdc8 25.Ra1 R3c5 26.Qf3 a5 27.Rxe6 fxe6 28.Na6 Rc1+ 29.Rxc1 Rxc1+
30.Bf1 Qc8 31.Qh5 e5 32.a4 bxa4 33.bxa4 g6  0-1

[Event "Millennium Festival"]
[Site "Virginia Beach USA"]
[Date "2007.03.03"]
[Round "3"]
[White "Rohonyan,K"]
[Black "Boudreaux,F"]
[Result "1/2-1/2"]
[WhiteElo "2354"]
[BlackElo "2146"]

1.e4 c5 2.Nf3 Nc6 3.Bb5 Nf6 4.e5 Nd5 5.Nc3 Nc7 6.Bxc6 dxc6 7.h3 g6 8.O-O Bg7
9.d3 O-O 10.Be3 Ne6 11.Ne4 b6 12.Qd2 Nd4 13.Nxd4 cxd4 14.Bh6 Bxe5 15.Bxf8 Qxf8
16.b4 Be6 17.a4 Bd5 18.a5 b5 19.f4 Bg7 20.Rae1 e6 21.Nc5 Qd8 22.Qf2 Bf6 23.Re2 h5
24.Re5 Bxe5 25.fxe5 Qe7 26.Qxd4 Qg5 27.Rf2 Rd8 28.Qf4 Qxf4 29.Rxf4 Ba2 30.Rf1 Rd4
31.Ra1 Bd5 32.c3 Rf4 33.Rf1 Rxf1+ 34.Kxf1 h4 35.Nd7 Kg7 36.Kf2 g5 37.a6 Kg6
38.Nb6 Kf5 39.c4 bxc4 40.dxc4 Be4 41.Nc8 Kxe5 42.c5 Bd3 43.Nxa7 Kd5 44.Nc8 Bxa6
45.Ne7+ Kc4 46.Nxc6 f6 47.Ke3 Kb5 48.Ne7 Bb7 49.Kf2 f5 50.Ng6 Kxb4 51.Nf8 Bd5
52.c6 Bxc6 53.Nxe6 g4  1/2-1/2

[Event "23rd Open"]
[Site "Cappelle la Grande FRA"]
[Date "2007.03.04"]
[Round "2"]
[White "Totsky,L"]
[Black "Golod,V"]
[Result "0-1"]
[WhiteElo "2498"]
[BlackElo "2597"]

1.e4 c5 2.Nf3 Nc6 3.Bb5 e6 4.O-O Nge7 5.Re1 a6 6.Bf1 d5 7.exd5 Nxd5 8.d4 Nf6
9.Be3 Be7 10.c4 O-O 11.Nc3 cxd4 12.Nxd4 Bd7 13.Nb3 Na5 14.Nc5 Qc7 15.N5a4 Bb4
16.Rc1 Bxa4 17.Qxa4 Ng4 18.g3 Nxe3 19.Qxb4 Nxf1 20.Rxf1 Rad8 21.b3 Rd3 22.Rfd1 Rfd8
23.Rxd3 Rxd3 24.Na4 Nc6 25.Qb6 Qxb6 26.Nxb6 Rd2 27.c5 Rxa2 28.Nc4 g5 29.Rd1 Na5
30.Nxa5 Rxa5 31.b4 Rb5 32.Rd4 Kg7 33.h4 a5 34.bxa5 Rxa5 35.hxg5 Rxc5 36.f4 e5
37.Rb4 exf4 38.gxf4 b5 39.Kg2 h6 40.gxh6+ Kxh6 41.Kf3 Kg6 42.Rd4 Rc6 43.Rb4 Rb6
44.Ke4 Kf6 45.Kd5 Kf5 46.Kc5 Rb8 47.Kd6 Kg4 48.Ke7 f5 49.Kf6 Rf8+ 50.Kg6 Rc8
51.Kf6 Rc5 52.Ke6 Kf3 53.Kd6 Rc4 54.Rxb5 Kxf4 55.Ke6 Rc6+ 56.Kd5 Rc8 57.Ke6 Re8+
58.Kf6 Kg4 59.Kg6 Re6+  0-1